Letecká technika pri záchrane ľudských životov Medzinárodný kongres o medicínskom využití letectva - AIRMED - 85

Podrobná bibliografia
Hlavný autor: Miko, Igor, 1926- (Autor)
Médium: Článok
Jazyk:slovenčina
Fyzický popis:Obr. 2.
Predmet:

MARC

LEADER 00000nab a2200000 a 4500
001 vtls000245549
003 SK-MaSNL
005 20260305020310.0
008 220423c1986 xo 0 slo
015 |a SNBRB19rr/mm-uuuuu 
035 |a CL0255663 
040 |a SNKBUCL  |b slo  |c SNKBUCL  |e AACR2 
041 0 |a slo 
044 |a xo  |c SK 
080 |a 614.882:656.7:629.735.4  |2 1981 
080 |a 656.7  |2 1981 
080 |a 629.735.4  |2 1981 
080 |a 614.882  |2 1981 
100 1 |a Miko, Igor,  |d 1926-  |4 aut  |9 850205 
245 1 0 |a Letecká technika pri záchrane ľudských životov  |b Medzinárodný kongres o medicínskom využití letectva - AIRMED - 85  |c Igor Miko 
300 |b Obr. 2. 
650 0 7 |a zdravotníctvo  |2 snkbucl  |9 1269 
650 0 7 |a horská záchranná služba  |2 snkbucl  |9 84848 
650 0 7 |a záchrana osôb  |2 snkbucl  |9 1491987 
650 0 7 |a vrtuľníky  |2 snkbucl  |9 31051 
655 7 |a články z novín a časopisov  |2 snkbucl  |9 267496 
773 0 |t Vysoké Tatry  |g Roč. 25, č. 2 (1986), s. 20-21 
850 |a Slovenská národná knižnica v Martine  |a MTA001 
852 |a SNK  |b KIS3GCP 
958 |a RK 
958 |a ME 
992 |a RBX 
999 |c 3279986  |d 3281916